[Event "PRO League KO Stage 2018"]
[Site "chess.com INT"]
[Date "2018.03.21"]
[Round "2"]
[White "Clarke, Brandon G I"]
[Black "Yu, Yangyi"]
[Result "1/2-1/2"]
[WhiteTitle "FM"]
[BlackTitle "GM"]
[WhiteElo "2362"]
[BlackElo "2760"]
[WhiteTeam "Australia Kangaroos"]
[BlackTeam "Chengdu Pandas"]
[WhiteFideId "400319"]
[BlackFideId "8603820"]
[EventDate "2018.03.13"]

1. e4 d6 2. d4 Nf6 3. Nc3 e5 4. Nf3 Nbd7 5. Bc4 Be7 6. a4 O-O 7. O-O a5 8. Re1
c6 9. Ba2 exd4 10. Nxd4 Nc5 11. Bg5 Re8 12. Qd2 Be6 13. Nxe6 Nxe6 14. Bh4 Qb6
15. Kh1 Rad8 16. f4 d5 17. exd5 Nxd5 18. Nxd5 Bxh4 19. Nxb6 Rxd2 20. g3 Bf6 21.
Nc4 Rxc2 22. Nd6 Rd8 23. Nxf7 Kxf7 24. Bxe6+ Kf8 25. Rad1 Rxd1 26. Rxd1 Rxb2 27.
Rd7 b5 28. Rf7+ Ke8 29. Ra7 Bd4 30. Rxa5 b4 31. Ra6 b3 32. Rxc6 Rc2 33. Rc8+ Ke7
34. Bf5 Ra2 35. Rb8 b2 36. Bxh7 Rxa4 37. Rb7+ Kd6 38. Kg2 Kc6 39. Be4+ Kc5 40.
Kf3 Bc3 41. Rc7+ Kb4 42. Rb7+ Kc4 43. h4 Ra1 44. Rc7+ Kb3 45. Rb7+ Ka3 46. Ra7+
Kb4 47. Rb7+ Ka5 48. Ra7+ Kb6 49. Rb7+ Ka6 50. Rb3 Rc1 51. h5 Ka5 52. Kg4 Re1
53. Bf5 Re3 54. Rb7 Ka4 55. Bg6 Ka3 56. Ra7+ Kb4 57. Rb7+ Kc5 58. Kh4 Kc6 59.
Rb3 Kc5 60. Rb8 Bf6+ 61. Kg4 Kc6 62. Rb4 Bc3 63. Rb8 Kc7 64. Rb3 Kd6 65. Bf5 Kc5
66. Bg6 Kd5 67. Rb8 Kd4 68. Rd8+ Kc5 69. Rc8+ Kd6 70. Rb8 Kc6 71. Rc8+ Kb7 72.
Rc5 Kb6 73. Rc8 Kb7 74. Rc5 Ka6 75. Rc6+ Ka7 76. Rc7+ Kb6 77. Rc8 Kb7 78. Rc5 1/2-1/2

[Event "PRO League KO Stage 2018"]
[Site "chess.com INT"]
[Date "2018.03.21"]
[Round "2"]
[White "Clarke, Brandon G I"]
[Black "Xu, Xiangyu"]
[Result "1/2-1/2"]
[WhiteTitle "FM"]
[BlackTitle "GM"]
[WhiteElo "2362"]
[BlackElo "2545"]
[WhiteTeam "Australia Kangaroos"]
[BlackTeam "Chengdu Pandas"]
[WhiteFideId "400319"]
[BlackFideId "8608288"]
[EventDate "2018.03.13"]

1. e4 c5 2. Nf3 d6 3. d4 cxd4 4. Nxd4 Nf6 5. Nc3 Bd7 6. Bg5 e6 7. Qd2 a6 8.
O-O-O h6 9. Bxf6 Qxf6 10. f4 Nc6 11. Nf3 Qd8 12. Bd3 Qc7 13. g4 O-O-O 14. h4 Be7
15. g5 Kb8 16. Kb1 Bc8 17. Qf2 Qa5 18. Nd2 Qc5 19. Qg3 hxg5 20. hxg5 Nd4 21. Ne2
Nxe2 22. Bxe2 Bd7 23. Nb3 Qb4 24. Bd3 Bc6 25. Qe3 Rxh1 26. Rxh1 d5 27. c3 Qa4
28. Bc2 dxe4 29. Nd4 Qc4 30. Nxc6+ Qxc6 31. Qxe4 Qc5 32. g6 fxg6 33. Qxe6 Bf6
34. Bxg6 Rd2 35. Bc2 Qf2 36. Qe4 Re2 37. Qd3 Rd2 38. Qe4 Re2 39. Qd3 Rd2 40. Qe4 1/2-1/2

[Event "PRO League KO Stage 2018"]
[Site "chess.com INT"]
[Date "2018.03.21"]
[Round "2"]
[White "Sadhwani, Raunak"]
[Black "Melkumyan, Hrant"]
[Result "0-1"]
[WhiteTitle "FM"]
[BlackTitle "GM"]
[WhiteElo "2369"]
[BlackElo "2664"]
[WhiteTeam "Mumbai Movers"]
[BlackTeam "Armenia Eagles"]
[WhiteFideId "35093487"]
[BlackFideId "13302485"]
[EventDate "2018.03.13"]

1. e4 Nf6 2. e5 Nd5 3. d4 d6 4. c4 Nb6 5. f4 dxe5 6. fxe5 Nc6 7. Nf3 Bg4 8. Be3
e6 9. Nc3 Be7 10. Be2 Bxf3 11. gxf3 Bh4+ 12. Kf1 Ne7 13. Kg2 Nf5 14. Qd2 O-O 15.
f4 c6 16. b3 f6 17. Rhf1 Qe8 18. Kh1 Rd8 19. Bg4 Qg6 20. Bxf5 Qxf5 21. Qe2 Nc8
22. Bg1 Ne7 23. Ne4 fxe5 24. fxe5 Qg6 25. Nd6 Nf5 26. c5 Be7 27. Rf3 Qh5 28. Re1
Bxd6 29. exd6 Rf6 30. Rd3 Qg6 31. Qg2 Qf7 32. Re4 Rf8 33. Rg4 Rh6 34. Rh3 Rf6
35. Rd3 a6 36. a3 h6 37. b4 Kh7 38. Rf3 g5 39. Bf2 Qg6 40. Rh3 Nh4 41. Rgxh4
gxh4 42. Bg1 Qxg2+ 43. Kxg2 Rg8+ 44. Kh1 Rf1 0-1

[Event "PRO League KO Stage 2018"]
[Site "chess.com INT"]
[Date "2018.03.21"]
[Round "2"]
[White "Sadhwani, Raunak"]
[Black "Grigoryan, Karen H."]
[Result "1/2-1/2"]
[WhiteTitle "FM"]
[BlackTitle "GM"]
[WhiteElo "2369"]
[BlackElo "2571"]
[WhiteTeam "Mumbai Movers"]
[BlackTeam "Armenia Eagles"]
[WhiteFideId "35093487"]
[BlackFideId "13301004"]
[EventDate "2018.03.13"]

1. e4 g6 2. d4 Bg7 3. Nf3 d6 4. Bc4 e6 5. O-O Ne7 6. Bb3 O-O 7. Qe2 b6 8. Rd1
Bb7 9. h3 Nd7 10. Bf4 h6 11. Bh2 d5 12. e5 c5 13. c3 a5 14. a4 Ba6 15. Qe1 cxd4
16. cxd4 Rc8 17. Nc3 Bc4 18. Bxc4 Rxc4 19. Nb5 Nf5 20. b3 Rc8 21. Rac1 Qe7 22.
Rxc8 Rxc8 23. Rc1 Qd8 24. g4 Ne7 25. Nd6 Rc6 26. Rxc6 Nxc6 27. Qc1 Nb4 28. Bf4
g5 29. Bd2 f6 30. Bxb4 axb4 31. exf6 Nxf6 32. Qc6 Nd7 33. Kg2 Nb8 34. Qc8 Qxc8
35. Nxc8 Nc6 36. Nxb6 Na5 37. Nc8 Kf8 38. Nd6 Ke7 39. Nb5 Nxb3 40. Kf1 Na5 41.
Ke2 b3 42. Kd3 Nc4 43. Kc3 b2 44. Kc2 1/2-1/2

[Event "PRO League KO Stage 2018"]
[Site "chess.com INT"]
[Date "2018.03.21"]
[Round "2"]
[White "Yu, Yangyi"]
[Black "Smirnov, Anton"]
[Result "1-0"]
[WhiteTitle "GM"]
[BlackTitle "GM"]
[WhiteElo "2760"]
[BlackElo "2543"]
[WhiteTeam "Chengdu Pandas"]
[BlackTeam "Australia Kangaroos"]
[WhiteFideId "8603820"]
[BlackFideId "3208923"]
[EventDate "2018.03.13"]

1. e4 c5 2. Nc3 d6 3. g3 Nc6 4. Bg2 g6 5. Nge2 Bg7 6. O-O e6 7. d3 Nge7 8. Bg5
h6 9. Be3 O-O 10. d4 b6 11. a4 Bb7 12. Qd2 Kh7 13. Rfd1 Na5 14. b3 Rc8 15. Rac1
a6 16. dxc5 dxc5 17. Qe1 Qc7 18. f4 Rfd8 19. Qf2 Rxd1+ 20. Rxd1 Rd8 21. Rxd8
Qxd8 22. e5 Bxg2 23. Kxg2 Nd5 24. Qf3 Bf8 25. Nxd5 Qxd5 26. Nc3 Qxf3+ 27. Kxf3
h5 28. Ne4 Be7 29. Ke2 Kg7 30. Kd3 Nc6 31. c3 Kf8 32. b4 cxb4 33. Bxb6 bxc3 34.
Kxc3 Kg7 35. Kc4 Bb4 36. Nc5 Bxc5 37. Kxc5 Ne7 38. a5 Nd5 39. Kc6 f6 40. Bd4
fxe5 41. Bxe5+ Kh6 42. Kb7 g5 43. Kxa6 gxf4 44. gxf4 h4 45. Kb7 1-0

[Event "PRO League KO Stage 2018"]
[Site "chess.com INT"]
[Date "2018.03.21"]
[Round "2"]
[White "Yu, Yangyi"]
[Black "Kuybokarov, Temur"]
[Result "1/2-1/2"]
[WhiteTitle "GM"]
[BlackTitle "IM"]
[WhiteElo "2760"]
[BlackElo "2472"]
[WhiteTeam "Chengdu Pandas"]
[BlackTeam "Australia Kangaroos"]
[WhiteFideId "8603820"]
[BlackFideId "14203049"]
[EventDate "2018.03.13"]

1. e4 c6 2. d4 d5 3. e5 Bf5 4. Nf3 e6 5. Be2 c5 6. O-O Nc6 7. c3 Bg6 8. Be3 Qb6
9. Na3 a6 10. Qb3 Qxb3 11. axb3 cxd4 12. Bxd4 Nh6 13. b4 Nxd4 14. Nxd4 Nf5 15.
Nxf5 Bxf5 16. Nb5 Kd7 17. Nd4 Be7 18. Nxf5 exf5 19. f4 Rhd8 20. Rfd1 Kc7 21. Bf3
Rd7 22. Rxd5 Rad8 23. Rad1 Rxd5 24. Bxd5 f6 25. e6 g5 26. g3 gxf4 27. gxf4 b6
28. Kf2 a5 29. Rd4 axb4 30. cxb4 b5 31. Ke3 Kb6 32. h4 h6 33. h5 Rd6 34. Kd3 Rd8
35. Kc3 Rc8+ 36. Kb3 Rd8 37. Rd1 Rd6 38. Rd2 Rd8 39. Rd3 Rd6 40. Rd1 Ka6 41. Bf3
Rxe6 42. Rd3 Kb6 43. Kc3 Bd6 44. Bd5 Re1 45. Rf3 Rc1+ 46. Kb3 Rd1 47. Be6 Rd4
48. Bxf5 Rxb4+ 49. Kc3 Rxf4 50. Rxf4 Bxf4 51. Kd3 Kc5 52. Ke4 Be5 53. b3 Kb4 54.
Be6 Kc3 55. Ke3 b4 56. Ke4 Bd4 57. Kf5 Be3 58. Kxf6 Bg5+ 59. Kg6 Bc1 60. Bc4 Bg5
61. Bg8 Bc1 62. Bf7 Bg5 63. Be6 Bc1 64. Bf7 Bg5 65. Be6 Bd2 66. Bf7 Be3 67. Be6
Bg5 68. Bf7 Bc1 69. Be6 Kb2 70. Bf7 Ka3 71. Be6 Kb2 72. Bf7 Kc3 73. Be6 Kd4 74.
Bf7 Ke5 75. Bc4 Kd4 76. Bg8 Ke5 77. Bf7 Kd6 78. Bc4 Ke7 79. Bd5 Kd6 80. Bc4 Ke5
81. Bg8 Kd4 82. Bf7 1/2-1/2

[Event "PRO League KO Stage 2018"]
[Site "chess.com INT"]
[Date "2018.03.21"]
[Round "2"]
[White "Zherebukh, Yaroslav"]
[Black "Tang, Andrew"]
[Result "0-1"]
[WhiteTitle "GM"]
[BlackTitle "IM"]
[WhiteElo "2633"]
[BlackElo "2509"]
[WhiteTeam "Saint Louis Arch Bishops"]
[BlackTeam "Minnesota Blizzard"]
[WhiteFideId "14116804"]
[BlackFideId "2059630"]
[EventDate "2018.03.13"]

1. e4 e5 2. Nf3 Nc6 3. d4 exd4 4. Nxd4 Nf6 5. Nxc6 bxc6 6. e5 Qe7 7. Qe2 Nd5 8.
c4 Nb6 9. Nc3 Qe6 10. Qe4 g6 11. Bd2 a5 12. Bd3 Ba6 13. b3 Bg7 14. O-O O-O 15.
Rae1 Rfe8 16. Qh4 d5 17. cxd5 cxd5 18. Bxa6 Rxa6 19. Nb5 Qd7 20. a4 c6 21. Nd4
c5 22. Nf3 c4 23. Bh6 cxb3 24. Ng5 Bh8 25. f4 Nc4 26. f5 Nxe5 27. Bg7 Bxg7 28.
Qxh7+ Kf8 29. fxg6 Nxg6 30. Rxe8+ Qxe8 31. Nxf7 Qe3+ 32. Kh1 Rf6 0-1

[Event "PRO League KO Stage 2018"]
[Site "chess.com INT"]
[Date "2018.03.21"]
[Round "2"]
[White "Zherebukh, Yaroslav"]
[Black "Gurevich, Daniel"]
[Result "1-0"]
[WhiteTitle "GM"]
[BlackTitle "IM"]
[WhiteElo "2633"]
[BlackElo "2471"]
[WhiteTeam "Saint Louis Arch Bishops"]
[BlackTeam "Minnesota Blizzard"]
[WhiteFideId "14116804"]
[BlackFideId "2044676"]
[EventDate "2018.03.13"]

1. Nf3 d5 2. g3 Bg4 3. Bg2 e6 4. O-O c6 5. b3 Nf6 6. Bb2 Bd6 7. d3 Nbd7 8. Nbd2
Qc7 9. c4 O-O 10. Rc1 Rad8 11. Rc2 Qb8 12. Qa1 e5 13. cxd5 cxd5 14. Rfc1 Rfe8
15. Nf1 h6 16. Ne3 Be6 17. d4 e4 18. Ne5 Rc8 19. f4 exf3 20. exf3 Rxc2 21. Rxc2
Rc8 22. Re2 Nb6 23. f4 Re8 24. Qe1 Ne4 25. Nxd5 Nxg3 26. Nf6+ gxf6 27. Qxg3+ Kf8
28. d5 Nxd5 29. Bxd5 fxe5 30. Bf3 Ke7 31. Qh4+ Kd7 32. Rd2 Rg8+ 33. Kf1 e4 34.
Be5 exf3 35. Rxd6+ Qxd6 36. Bxd6 Kxd6 37. Qxh6 Rg6 38. Qf8+ Kc6 39. f5 Bxf5 40.
Qxf7 Bh3+ 41. Kf2 Rg2+ 42. Kxf3 Rxa2 43. Qc4+ Kb6 44. b4 Ra3+ 45. Kf4 1-0

[Event "PRO League KO Stage 2018"]
[Site "chess.com INT"]
[Date "2018.03.21"]
[Round "2"]
[White "Karavade, Eesha"]
[Black "Manukian, Artak"]
[Result "1/2-1/2"]
[WhiteTitle "IM"]
[WhiteElo "2391"]
[BlackElo "2196"]
[WhiteTeam "Mumbai Movers"]
[BlackTeam "Armenia Eagles"]
[WhiteFideId "5012600"]
[BlackFideId "13301373"]
[EventDate "2018.03.13"]

1. d4 Nf6 2. c4 e6 3. Nc3 d5 4. Nf3 c6 5. e3 Nbd7 6. Qc2 Bd6 7. Bd3 dxc4 8. Bxc4
O-O 9. O-O b5 10. Be2 Bb7 11. Rd1 Qe7 12. e4 e5 13. dxe5 Nxe5 14. Nd4 Bc5 15.
Nf5 Qc7 16. Bf4 Rad8 17. Bg3 Bb6 18. Rac1 Qb8 19. h3 Rfe8 20. Bh4 Re6 21. Rxd8+
Qxd8 22. Rd1 Qf8 23. a3 a6 24. Kh1 Ng6 25. Bg3 c5 26. Bd6 Qe8 27. f3 Bc6 28. Bf1
c4 29. Qd2 Qd8 30. Bh2 Qxd2 31. Rxd2 Re8 32. Rd6 Re6 33. Rd1 Re8 34. Rd6 Re6 35.
Rd2 Re8 36. a4 Bc5 37. Bg1 Bb4 38. Nd4 Bd7 39. axb5 axb5 40. Rd1 Rb8 41. Ra1 Bd6
42. Bh2 Bxh2 43. Kxh2 h5 44. Nc2 b4 45. Nd1 Ne5 46. Nde3 1/2-1/2

[Event "PRO League KO Stage 2018"]
[Site "chess.com INT"]
[Date "2018.03.21"]
[Round "2"]
[White "Karavade, Eesha"]
[Black "Andriasian, Zaven"]
[Result "0-1"]
[WhiteTitle "IM"]
[BlackTitle "GM"]
[WhiteElo "2391"]
[BlackElo "2586"]
[WhiteTeam "Mumbai Movers"]
[BlackTeam "Armenia Eagles"]
[WhiteFideId "5012600"]
[BlackFideId "13302000"]
[EventDate "2018.03.13"]

1. d4 Nf6 2. c4 g6 3. Nc3 d6 4. e4 Bg7 5. Nf3 O-O 6. Be2 Nbd7 7. O-O e5 8. Be3
Ng4 9. Bg5 f6 10. Bd2 h5 11. h3 Nh6 12. Be3 Nf7 13. Nd2 c6 14. Nb3 Qe7 15. Re1
Re8 16. Qc2 exd4 17. Bxd4 Bh6 18. Bf1 Nde5 19. c5 dxc5 20. Bxc5 Qc7 21. Rad1 h4
22. Be3 Bxe3 23. Rxe3 Qe7 24. f4 Nd7 25. Qf2 g5 26. Nd4 Nf8 27. Bc4 Kg7 28. Rde1
gxf4 29. Qxf4 Ng6 30. Qf2 Ng5 31. Nf5+ Bxf5 32. exf5 Ne5 33. Qxh4 Qc5 34. Na4
Nef3+ 35. gxf3 Nxf3+ 36. Kf2 Qxe3+ 37. Rxe3 Nxh4 38. Be6 Rad8 39. Re4 Rh8 40.
Re2 Rh5 41. Kg3 Nxf5+ 42. Kg4 Rg5+ 43. Kf4 Rd4+ 44. Re4 Rxe4+ 45. Kxe4 Nd6+ 46.
Kf4 Re5 47. Bb3 c5 48. Nc3 c4 49. Bd1 b5 50. a3 a5 51. Bf3 b4 52. axb4 axb4 53.
Nd5 c3 54. bxc3 b3 55. c4 Rxd5 56. Bxd5 b2 57. c5 b1=Q 0-1

[Event "PRO League KO Stage 2018"]
[Site "chess.com INT"]
[Date "2018.03.21"]
[Round "2"]
[White "Adhiban, Baskaran"]
[Black "Manukian, Artak"]
[Result "1-0"]
[WhiteTitle "GM"]
[WhiteElo "2650"]
[BlackElo "2196"]
[WhiteTeam "Mumbai Movers"]
[BlackTeam "Armenia Eagles"]
[WhiteFideId "5018471"]
[BlackFideId "13301373"]
[EventDate "2018.03.13"]

1. d4 Nf6 2. c4 d6 3. Nc3 g6 4. Nf3 Bg7 5. g3 O-O 6. Bg2 Nbd7 7. O-O e5 8. b3
Re8 9. e4 exd4 10. Nxd4 Nc5 11. f3 a5 12. Re1 c6 13. Be3 h5 14. h3 Qe7 15. Qd2
Ne6 16. Rad1 Nxd4 17. Bxd4 Be6 18. f4 Qf8 19. Rf1 Bd7 20. Bxf6 Bxf6 21. e5 Bg7
22. Ne4 d5 23. cxd5 cxd5 24. Nd6 Re7 25. Bxd5 Bxh3 26. Bg2 Bxg2 27. Qxg2 a4 28.
b4 a3 29. b5 Ra4 30. Rc1 Rd7 31. Rc8 Rd8 32. Rxd8 Qxd8 33. Qxb7 Kh7 34. Qxf7
Qb6+ 35. Kg2 Ra7 36. Qe6 Qe3 37. f5 Qxe5 38. fxg6+ Kh6 39. Nf7+ Rxf7 40. Qxe5
Rxf1 41. Qe3+ 1-0

[Event "PRO League KO Stage 2018"]
[Site "chess.com INT"]
[Date "2018.03.21"]
[Round "2"]
[White "Adhiban, Baskaran"]
[Black "Andriasian, Zaven"]
[Result "1/2-1/2"]
[WhiteTitle "GM"]
[BlackTitle "GM"]
[WhiteElo "2650"]
[BlackElo "2586"]
[WhiteTeam "Mumbai Movers"]
[BlackTeam "Armenia Eagles"]
[WhiteFideId "5018471"]
[BlackFideId "13302000"]
[EventDate "2018.03.13"]

1. e4 e5 2. Nf3 Nc6 3. Bb5 d6 4. d4 Bd7 5. Nc3 Nf6 6. O-O exd4 7. Nxd4 Nxd4 8.
Qxd4 Be7 9. Bxd7+ Qxd7 10. b3 O-O 11. Bb2 c6 12. Rad1 Qc7 13. Ne2 Rfe8 14. Ng3
Bf8 15. Qd3 Re6 16. f4 Nd7 17. f5 Ree8 18. Nh5 f6 19. Qc4+ Kh8 20. Nf4 Ne5 21.
Bxe5 Rxe5 22. Ne6 Qe7 23. Rfe1 Re8 24. Qd4 a6 25. Nxf8 Qxf8 26. Qxd6 Qf7 27. Qd7
R5e7 28. Qd4 h6 29. Re3 Re5 30. h3 Qe7 31. Kh2 Rxf5 32. exf5 Qxe3 33. Qxe3 Rxe3
34. Rd7 Rc3 35. Rxb7 Rxc2 36. a4 a5 37. b4 axb4 38. Rxb4 c5 39. Rb5 Ra2 40. Rxc5
Rxa4 41. g4 h5 42. Kg3 hxg4 43. hxg4 Kh7 44. Rc8 Rb4 45. Kh4 Ra4 46. Rb8 Rd4 47.
Rc8 Ra4 48. Kh5 Ra1 49. Kh4 Ra4 1/2-1/2

[Event "PRO League KO Stage 2018"]
[Site "chess.com INT"]
[Date "2018.03.21"]
[Round "2"]
[White "Akobian, Varuzhan"]
[Black "Mitkov, Nikola"]
[Result "1-0"]
[WhiteTitle "GM"]
[BlackTitle "GM"]
[WhiteElo "2640"]
[BlackElo "2454"]
[WhiteTeam "Saint Louis Arch Bishops"]
[BlackTeam "Minnesota Blizzard"]
[WhiteFideId "13300580"]
[BlackFideId "15000290"]
[EventDate "2018.03.13"]

1. d4 d5 2. c4 e6 3. Nc3 Bb4 4. a3 Bxc3+ 5. bxc3 Nf6 6. e3 c6 7. a4 O-O 8. a5
Re8 9. Nf3 c5 10. Bd3 Nc6 11. a6 b6 12. O-O Na5 13. cxd5 c4 14. Bc2 exd5 15. Ba4
Bd7 16. Ne5 Bxa4 17. Rxa4 Ne4 18. Qc2 f6 19. Nf3 Qd7 20. Ra2 Re6 21. Nd2 Nxd2
22. Bxd2 Nb3 23. Rb1 Qc6 24. h3 Rae8 25. Bc1 b5 26. Ba3 Qc8 27. Rxb3 cxb3 28.
Qxb3 Rxa6 29. Qxd5+ Qe6 30. Qxb5 Rc8 31. d5 Qb6 32. Qe2 Qb1+ 33. Kh2 Qb8+ 34. f4
Qb7 35. Bb4 Rxa2 36. Qxa2 h6 37. d6+ Qf7 38. Qd2 Rd8 39. Qd4 Qb7 40. Ba3 a6 41.
c4 Qc6 42. c5 Kf7 43. e4 Qd7 44. e5 fxe5 45. fxe5 Re8 46. Qd5+ Qe6 47. Qxe6+
Kxe6 48. c6 Rc8 49. d7 Rd8 50. Bd6 Rxd7 51. cxd7 Kxd7 52. Kg3 Ke6 53. Kf4 g5+
54. Ke4 a5 55. g4 a4 56. Kd4 Kd7 57. Kd5 a3 58. Bxa3 1-0

[Event "PRO League KO Stage 2018"]
[Site "chess.com INT"]
[Date "2018.03.21"]
[Round "2"]
[White "Akobian, Varuzhan"]
[Black "Flores Rios, Mauricio"]
[Result "1/2-1/2"]
[WhiteTitle "GM"]
[BlackTitle "GM"]
[WhiteElo "2640"]
[BlackElo "2529"]
[WhiteTeam "Saint Louis Arch Bishops"]
[BlackTeam "Minnesota Blizzard"]
[WhiteFideId "13300580"]
[BlackFideId "3408027"]
[EventDate "2018.03.13"]

1. d4 Nf6 2. c4 g6 3. Nc3 Bg7 4. e4 d6 5. Nf3 O-O 6. h3 e5 7. d5 a5 8. Bg5 Na6
9. Bd3 Qe8 10. g4 Nd7 11. Rg1 Ndc5 12. Be2 Kh8 13. Qd2 Nb4 14. Be3 Bd7 15. Bxc5
dxc5 16. a3 Na6 17. O-O-O c6 18. h4 cxd5 19. Nxd5 Ba4 20. Rde1 Qd8 21. h5 Kg8
22. Rh1 Nc7 23. hxg6 hxg6 24. Rh3 Nxd5 25. cxd5 Bd7 26. Rh4 b5 27. Reh1 Re8 28.
Rh7 Qf6 29. g5 Qf4 30. R7h4 Qxd2+ 31. Kxd2 Rec8 32. Nh2 f5 33. exf5 gxf5 34. f4
e4 35. Nf1 Bxb2 36. Ng3 c4 37. Nh5 Be8 38. Nf6+ Bxf6 39. gxf6 Bg6 40. Rg1 Kf7
41. Rh6 Rg8 42. Kc3 Ra6 43. a4 b4+ 44. Kxc4 Rxf6 45. Kd4 Kg7 46. Rh3 Rb8 47.
Rhg3 b3 48. Bb5 b2 49. Rb1 Rd6 50. Rxb2 Kf6 51. Rh2 Rbd8 52. Bc4 Rc8 53. Rh6 Kg7
54. Rh2 Kf6 55. Rh6 Kg7 56. Rh1 Kf6 1/2-1/2

[Event "PRO League KO Stage 2018"]
[Site "chess.com INT"]
[Date "2018.03.21"]
[Round "2"]
[White "Mitkov, Nikola"]
[Black "Fedoseev, Vladimir3"]
[Result "1/2-1/2"]
[WhiteTitle "GM"]
[BlackTitle "GM"]
[WhiteElo "2454"]
[BlackElo "2724"]
[WhiteTeam "Minnesota Blizzard"]
[BlackTeam "Saint Louis Arch Bishops"]
[WhiteFideId "15000290"]
[BlackFideId "24130737"]
[EventDate "2018.03.13"]

1. e4 e5 2. Bc4 Nf6 3. Nc3 Nc6 4. d3 Bb4 5. Ne2 d5 6. exd5 Nxd5 7. O-O Nxc3 8.
bxc3 Bd6 9. Ng3 O-O 10. Qh5 Na5 11. Bb3 Nxb3 12. axb3 g6 13. Qh6 f5 14. Bg5 Qd7
15. f4 b6 16. Rae1 exf4 17. Bxf4 Bb7 18. Re2 Rae8 19. Rfe1 Rxe2 20. Rxe2 a5 21.
h4 Re8 22. Nh5 gxh5 23. Qg5+ Kh8 24. Qf6+ Kg8 25. Qg5+ Kh8 26. Qf6+ Kg8 27. Qg5+
Kh8 1/2-1/2

[Event "PRO League KO Stage 2018"]
[Site "chess.com INT"]
[Date "2018.03.21"]
[Round "2"]
[White "Mitkov, Nikola"]
[Black "Zherebukh, Yaroslav"]
[Result "0-1"]
[WhiteTitle "GM"]
[BlackTitle "GM"]
[WhiteElo "2454"]
[BlackElo "2633"]
[WhiteTeam "Minnesota Blizzard"]
[BlackTeam "Saint Louis Arch Bishops"]
[WhiteFideId "15000290"]
[BlackFideId "14116804"]
[EventDate "2018.03.13"]

1. e4 c5 2. Nc3 a6 3. f4 e6 4. d4 d5 5. Be3 Nc6 6. Nf3 cxd4 7. Nxd4 Nf6 8. e5
Nd7 9. Qd2 Bc5 10. Be2 O-O 11. O-O Nxd4 12. Bxd4 Qb6 13. Bxc5 Nxc5 14. Qd4 Bd7
15. f5 Na4 16. Qxb6 Nxb6 17. f6 gxf6 18. exf6 Kh8 19. Bd3 e5 20. Bf5 Rad8 21.
Rae1 e4 22. Re3 Rg8 23. Rh3 Rg5 24. Bxd7 Nxd7 25. Rf4 Nf8 26. Rg3 Re5 27. Ne2
Ng6 28. Rf1 d4 29. Rd1 Red5 30. Rg4 d3 31. cxd3 exd3 32. Nc3 R5d6 33. Rg3 d2 34.
Rf3 Ne5 35. Rf2 Nc4 36. Ne4 Re6 37. b3 Rxe4 38. bxc4 Red4 39. c5 h6 40. Kf1 Kh7
41. Rf3 Kg6 42. Ke2 Re4+ 43. Re3 Rxe3+ 44. Kxe3 Kxf6 45. Rxd2 Rxd2 46. Kxd2 Ke5
47. Kc3 Kd5 48. Kb4 h5 49. h4 f5 50. g3 Kd4 51. a3 Kd5 52. a4 Kd4 53. c6 bxc6
54. Ka5 c5 55. Kxa6 c4 56. Kb5 c3 57. a5 c2 58. a6 c1=Q 59. a7 Qh1 0-1

[Event "PRO League KO Stage 2018"]
[Site "chess.com INT"]
[Date "2018.03.21"]
[Round "2"]
[White "Borisek, Jure"]
[Black "Bacrot, Etienne"]
[Result "0-1"]
[WhiteTitle "GM"]
[BlackTitle "GM"]
[WhiteElo "2576"]
[BlackElo "2718"]
[WhiteTeam "Ljubljana Turtles"]
[BlackTeam "Marseille Migraines"]
[WhiteFideId "14603152"]
[BlackFideId "605506"]
[EventDate "2018.03.13"]

1. e4 g6 2. d4 d6 3. Nc3 a6 4. f4 b5 5. Nf3 Bb7 6. Bd3 Nd7 7. Be3 Bg7 8. e5 c5
9. Be4 Bxe4 10. Nxe4 Nh6 11. Qe2 cxd4 12. Bxd4 Nf5 13. O-O-O Nxd4 14. Rxd4 O-O
15. Rhd1 Nb6 16. Kb1 Qc7 17. Ned2 Rac8 18. c3 Na4 19. Rc1 Rfd8 20. Nb3 dxe5 21.
fxe5 Bh6 22. Rxd8+ Qxd8 23. Rd1 Qb6 24. e6 f6 25. Ka1 b4 26. cxb4 f5 27. a3 Bg7
28. Nfd4 Rd8 29. Qc4 Qb7 30. Nc5 Nxc5 31. bxc5 Qe4 32. c6 Rxd4 33. Rxd4 Bxd4 34.
Ka2 Be5 35. Qxa6 Qd5+ 36. Kb1 Qxe6 37. Qb7 Qd6 38. a4 Qd1+ 39. Ka2 Qxa4+ 40. Kb1
Qd1+ 41. Ka2 Qd6 42. b4 Kf7 43. Kb3 Qc7 44. Qb5 Bxh2 45. Qc4+ e6 46. b5 Bg1 47.
g4 Bb6 48. gxf5 gxf5 49. Qh4 Kg6 50. Kc4 Qd6 0-1

[Event "PRO League KO Stage 2018"]
[Site "chess.com INT"]
[Date "2018.03.21"]
[Round "2"]
[White "Borisek, Jure"]
[Black "Maurizzi, Marc Andria"]
[Result "1-0"]
[WhiteTitle "GM"]
[BlackTitle "CM"]
[WhiteElo "2576"]
[BlackElo "2119"]
[WhiteTeam "Ljubljana Turtles"]
[BlackTeam "Marseille Migraines"]
[WhiteFideId "14603152"]
[BlackFideId "36083534"]
[EventDate "2018.03.13"]

1. e4 c5 2. Nf3 Nc6 3. Bb5 g6 4. O-O Bg7 5. Re1 Nf6 6. e5 Nd5 7. Nc3 Nc7 8. Bxc6
dxc6 9. Ne4 b6 10. Nf6+ Kf8 11. Ne4 Bg4 12. d3 Ne6 13. h3 Bxf3 14. Qxf3 Qd7 15.
Ng5 Nxg5 16. Bxg5 Qe6 17. a3 h6 18. Bd2 Kg8 19. b4 cxb4 20. axb4 Kh7 21. Ra6
Rhd8 22. Qe4 Rd7 23. f4 Rb8 24. g4 Qd5 25. Qxd5 cxd5 26. d4 Rc8 27. c3 e6 28. b5
Rcc7 29. Kg2 Kg8 30. Kf3 Bf8 31. f5 Bg7 32. Ra2 Kh7 33. Re2 Bf8 34. Rf2 Bg7 35.
Ke2 Kg8 36. Kd3 Kh7 37. Ra1 Kg8 38. Rf3 Kh7 39. Be1 Rc4 40. Ra2 Kg8 41. Kc2 Kh7
42. Kb3 Kg8 43. Bd2 Kh7 44. Bc1 Bf8 45. fxe6 1-0

[Event "PRO League KO Stage 2018"]
[Site "chess.com INT"]
[Date "2018.03.21"]
[Round "2"]
[White "Melkumyan, Hrant"]
[Black "Karavade, Eesha"]
[Result "1-0"]
[WhiteTitle "GM"]
[BlackTitle "IM"]
[WhiteElo "2664"]
[BlackElo "2391"]
[WhiteTeam "Armenia Eagles"]
[BlackTeam "Mumbai Movers"]
[WhiteFideId "13302485"]
[BlackFideId "5012600"]
[EventDate "2018.03.13"]

1. e4 c5 2. Nf3 d6 3. Bb5+ Nc6 4. O-O Bd7 5. c4 a6 6. Bxc6 Bxc6 7. Nc3 Nf6 8. d4
cxd4 9. Qxd4 g6 10. Qd3 Bg7 11. Nd4 Rc8 12. f3 O-O 13. Be3 Nd7 14. Rac1 Ne5 15.
Qe2 Bd7 16. b3 Qa5 17. Rc2 e6 18. Rfc1 Rfe8 19. Qd2 Qd8 20. Nde2 Qe7 21. a4 Bc6
22. Rd1 f5 23. Nd4 Bd7 24. exf5 gxf5 25. Nde2 Bc6 26. Qxd6 Qh4 27. Bf2 Qg5 28.
Bg3 Nxf3+ 29. gxf3 Qe3+ 30. Kf1 Qxf3+ 31. Bf2 e5 32. Nd5 Rcd8 33. Qc5 f4 34.
Rcd2 Kh8 35. Ng1 Qxb3 36. Qb4 Bxa4 37. Rb1 Qxb4 38. Rxb4 Bc6 39. Ne2 b5 40. Nec3
bxc4 41. Rxc4 Bb5 42. Nxb5 axb5 43. Rc7 e4 44. Bd4 Bxd4 45. Rxd4 Rd6 46. Rf7 Kg8
47. Rxf4 Kg7 48. Rd2 Rf8 49. Rxf8 Kxf8 50. Ke2 Kf7 51. Ke3 Re6 52. Rf2+ Kg7 53.
Rb2 Re5 54. Kd4 Re8 55. Rxb5 Kg6 56. Nf4+ Kg7 57. Ke3 Kf6 58. Rh5 Kg7 59. h3 h6
60. Rd5 Re7 61. Rd4 Kf6 62. Nd5+ 1-0